<?xml version="1.0" encoding="UTF-8"?>
<collection xmlns="http://www.loc.gov/MARC21/slim">
 <record>
  <leader>02907cam a2200529   4500</leader>
  <controlfield tag="001">1110784422</controlfield>
  <controlfield tag="003">DE-627</controlfield>
  <controlfield tag="005">20210824202933.0</controlfield>
  <controlfield tag="007">tu</controlfield>
  <controlfield tag="008">940830s1955    xx |||||      00| ||ger c</controlfield>
  <datafield tag="035" ind1=" " ind2=" ">
   <subfield code="a">(DE-627)1110784422</subfield>
  </datafield>
  <datafield tag="035" ind1=" " ind2=" ">
   <subfield code="a">(DE-576)040784428</subfield>
  </datafield>
  <datafield tag="035" ind1=" " ind2=" ">
   <subfield code="a">(DE-599)BSZ040784428</subfield>
  </datafield>
  <datafield tag="035" ind1=" " ind2=" ">
   <subfield code="a">(OCoLC)10041671</subfield>
  </datafield>
  <datafield tag="035" ind1=" " ind2=" ">
   <subfield code="a">(OCoLC)1078749315</subfield>
  </datafield>
  <datafield tag="035" ind1=" " ind2=" ">
   <subfield code="a">(DE-604)8019300522</subfield>
  </datafield>
  <datafield tag="040" ind1=" " ind2=" ">
   <subfield code="a">DE-627</subfield>
   <subfield code="b">ger</subfield>
   <subfield code="c">DE-627</subfield>
   <subfield code="e">rakwb</subfield>
  </datafield>
  <datafield tag="041" ind1=" " ind2=" ">
   <subfield code="a">ger</subfield>
  </datafield>
  <datafield tag="082" ind1="0" ind2=" ">
   <subfield code="a">720.432</subfield>
  </datafield>
  <datafield tag="084" ind1=" " ind2=" ">
   <subfield code="a">LK 24088</subfield>
   <subfield code="2">rvk</subfield>
   <subfield code="0">(DE-625)rvk/97692:13309</subfield>
  </datafield>
  <datafield tag="084" ind1=" " ind2=" ">
   <subfield code="a">ZH 9400</subfield>
   <subfield code="2">rvk</subfield>
   <subfield code="0">(DE-625)rvk/156318:</subfield>
  </datafield>
  <datafield tag="084" ind1=" " ind2=" ">
   <subfield code="a">NZ 14800</subfield>
   <subfield code="2">rvk</subfield>
   <subfield code="0">(DE-625)rvk/132593:</subfield>
  </datafield>
  <datafield tag="084" ind1=" " ind2=" ">
   <subfield code="a">15.48</subfield>
   <subfield code="2">bkl</subfield>
  </datafield>
  <datafield tag="100" ind1="1" ind2=" ">
   <subfield code="a">Löffler, Fritz</subfield>
   <subfield code="d">1899-1988</subfield>
   <subfield code="0">(DE-588)119275252</subfield>
   <subfield code="0">(DE-627)080080405</subfield>
   <subfield code="0">(DE-576)162020406</subfield>
   <subfield code="4">aut</subfield>
  </datafield>
  <datafield tag="245" ind1="1" ind2="4">
   <subfield code="a">Das alte Dresden</subfield>
   <subfield code="b">Geschichte seiner Bauten</subfield>
   <subfield code="c">Fritz Löffler</subfield>
  </datafield>
  <datafield tag="264" ind1=" " ind2="1">
   <subfield code="a">Dresden</subfield>
   <subfield code="b">Sachsenverl.</subfield>
   <subfield code="c">1955</subfield>
  </datafield>
  <datafield tag="300" ind1=" " ind2=" ">
   <subfield code="a">411 S., 2 Kt.-Beil.</subfield>
   <subfield code="b">überw. Ill., Kt.</subfield>
  </datafield>
  <datafield tag="336" ind1=" " ind2=" ">
   <subfield code="a">Text</subfield>
   <subfield code="b">txt</subfield>
   <subfield code="2">rdacontent</subfield>
  </datafield>
  <datafield tag="337" ind1=" " ind2=" ">
   <subfield code="a">ohne Hilfsmittel zu benutzen</subfield>
   <subfield code="b">n</subfield>
   <subfield code="2">rdamedia</subfield>
  </datafield>
  <datafield tag="338" ind1=" " ind2=" ">
   <subfield code="a">Band</subfield>
   <subfield code="b">nc</subfield>
   <subfield code="2">rdacarrier</subfield>
  </datafield>
  <datafield tag="490" ind1="0" ind2=" ">
   <subfield code="a">Schriften des Instituts für Theorie und Geschichte der Baukunst</subfield>
  </datafield>
  <datafield tag="689" ind1="0" ind2="0">
   <subfield code="d">g</subfield>
   <subfield code="0">(DE-588)4012995-0</subfield>
   <subfield code="0">(DE-627)106345745</subfield>
   <subfield code="0">(DE-576)20890140X</subfield>
   <subfield code="a">Dresden</subfield>
   <subfield code="2">gnd</subfield>
  </datafield>
  <datafield tag="689" ind1="0" ind2="1">
   <subfield code="d">s</subfield>
   <subfield code="0">(DE-588)4002851-3</subfield>
   <subfield code="0">(DE-627)104280352</subfield>
   <subfield code="0">(DE-576)208848975</subfield>
   <subfield code="a">Architektur</subfield>
   <subfield code="2">gnd</subfield>
  </datafield>
  <datafield tag="689" ind1="0" ind2="2">
   <subfield code="a">z</subfield>
   <subfield code="2">gnd</subfield>
   <subfield code="a">Geschichte</subfield>
  </datafield>
  <datafield tag="689" ind1="0" ind2=" ">
   <subfield code="5">(DE-627)</subfield>
  </datafield>
  <datafield tag="787" ind1="0" ind2="8">
   <subfield code="i">Rezensiert in</subfield>
   <subfield code="a">Reuther, Hans, 1920 - 1989</subfield>
   <subfield code="t">[Rezension von: Fritz Löffler, Das alte Dresden]</subfield>
   <subfield code="d">Nürnberg : Carl, 1956</subfield>
   <subfield code="w">(DE-627)172895505X</subfield>
  </datafield>
  <datafield tag="935" ind1=" " ind2=" ">
   <subfield code="a">SAXB</subfield>
  </datafield>
  <datafield tag="936" ind1="r" ind2="v">
   <subfield code="a">LK 24088</subfield>
   <subfield code="b">Architektur (einschließlich Grabbauten, Friedhöfe)</subfield>
   <subfield code="k">Kunstgeschichte</subfield>
   <subfield code="k">Kunst nach Ländern bzw. Kontinenten</subfield>
   <subfield code="k">Deutschland</subfield>
   <subfield code="k">Kunsttopografie Deutschlands</subfield>
   <subfield code="k">Orte Deutschlands</subfield>
   <subfield code="k">Orte D</subfield>
   <subfield code="k">Dresden</subfield>
   <subfield code="k">Kunstgeschichte</subfield>
   <subfield code="k">Architektur (einschließlich Grabbauten, Friedhöfe)</subfield>
   <subfield code="0">(DE-627)1270644157</subfield>
   <subfield code="0">(DE-625)rvk/97692:13309</subfield>
   <subfield code="0">(DE-576)200644157</subfield>
  </datafield>
  <datafield tag="936" ind1="r" ind2="v">
   <subfield code="a">ZH 9400</subfield>
   <subfield code="b">Städtebau und Stadtplanung einzelner Orte</subfield>
   <subfield code="k">Technik</subfield>
   <subfield code="k">Architektur</subfield>
   <subfield code="k">Raumplanung,Städtebau, Stadtplanung</subfield>
   <subfield code="k">Städtebau, Stadtplanung</subfield>
   <subfield code="k">Kommunale Planung und Innenentwicklung</subfield>
   <subfield code="k">Städtebau und Stadtplanung einzelner Orte</subfield>
   <subfield code="0">(DE-627)127063741X</subfield>
   <subfield code="0">(DE-625)rvk/156318:</subfield>
   <subfield code="0">(DE-576)20063741X</subfield>
  </datafield>
  <datafield tag="936" ind1="r" ind2="v">
   <subfield code="a">NZ 14800</subfield>
   <subfield code="b">Abbildungswerke, Stadtpläne, Stadtführer, einzelne Gebäude</subfield>
   <subfield code="k">Geschichte</subfield>
   <subfield code="k">Regionale Landeskunde</subfield>
   <subfield code="k">Landesgeschichte Sachsen</subfield>
   <subfield code="k">Orts- und Regionalgeschichte</subfield>
   <subfield code="k">Ortsgeschichte</subfield>
   <subfield code="k">Dresden</subfield>
   <subfield code="k">Abbildungswerke, Stadtpläne, Stadtführer, einzelne Gebäude</subfield>
   <subfield code="0">(DE-627)127070835X</subfield>
   <subfield code="0">(DE-625)rvk/132593:</subfield>
   <subfield code="0">(DE-576)20070835X</subfield>
  </datafield>
  <datafield tag="936" ind1="b" ind2="k">
   <subfield code="a">15.48</subfield>
   <subfield code="j">Sachsen</subfield>
   <subfield code="j">Sachsen-Anhalt</subfield>
   <subfield code="j">Thüringen</subfield>
   <subfield code="x">Geschichte</subfield>
   <subfield code="q">coli-conc RVK-&gt;BK</subfield>
   <subfield code="q">https://coli-conc.gbv.de/api/mappings/12049542-37ca-4bba-bde3-d461262ae937</subfield>
   <subfield code="0">(DE-627)181571048</subfield>
  </datafield>
  <datafield tag="951" ind1=" " ind2=" ">
   <subfield code="a">BO</subfield>
  </datafield>
  <datafield tag="990" ind1=" " ind2=" ">
   <subfield code="a">Dresden</subfield>
  </datafield>
  <datafield tag="990" ind1=" " ind2=" ">
   <subfield code="a">Architektur</subfield>
  </datafield>
  <datafield tag="990" ind1=" " ind2=" ">
   <subfield code="a">Geschichte</subfield>
  </datafield>
  <datafield tag="991" ind1=" " ind2=" ">
   <subfield code="a">Rezensiertes Werk</subfield>
  </datafield>
  <datafield tag="999" ind1=" " ind2=" ">
   <subfield code="a">KXP-PPN1110784422</subfield>
   <subfield code="e">4093807639</subfield>
  </datafield>
 </record>
</collection>
